Thơ chữ Hán của Hồ Chủ Tịch

.

Đã lưu trong:
Sonraí Bibleagrafaíochta
Príomhúdar: Trần Đắc Thọ (Dịch nghĩa)
Formáid: Leabhar
Teanga:Vietnamese
Foilsithe: H. Đại học Quốc gia Hà Nội 2003
Ábhair:
Clibeanna: Cuir Clib Leis
Gan Chlibeanna, Bí ar an gcéad duine leis an taifead seo a chlibeáil!
Thư viện lưu trữ: Mạng thư viện Đại học Đà Nẵng
LEADER 01132nam a2200337 4500
001 000010139
003 6339
005 20111114101153.0
008 111114s2003 viesd
020 |c 40400 
041 0 |a vie 
082 |a 335.5011  |b TR-T 
100 0 |a Trần Đắc Thọ  |e Dịch nghĩa 
245 0 |a Thơ chữ Hán của Hồ Chủ Tịch  |c Trần Đắc Thọ dịch nghĩa, chú giải, tuyển các bản dịch thơ 
260 |a H.  |b Đại học Quốc gia Hà Nội  |c 2003 
300 |a 432tr  |c 21cm 
520 |a . 
653 |a Thơ 
653 |a Chữ Hán 
653 |a Hồ Chủ tịch 
700 |a Trần Đắc Thọ  |e Dịch nghĩa 
OWN |a LSP 
AVA |a UDN50  |b LSP  |d 335.5011 TR-T  |e available  |t Error 5001 Not defined in file expand_doc_bib_avail.  |f 10  |g 0  |h N  |i 0  |k 1 
999 |a From the UDN01 
AVA |a UDN50  |b LSP  |d 335.5011 TR-T  |e available  |t Error 5001 Not defined in file expand_doc_bib_avail.  |f 10  |g 0  |h N  |i 0  |k 1 
TYP |a Monograph 
TYP |a Printed language 
980 |a Mạng thư viện Đại học Đà Nẵng